Diáknap, diákhét színes programokkal Vámbérys versenyek

Bibliographic Details
Format: Article
Language:Hungarian
PhysicalDescription:Fotogr.
ISSN:1335-7050
Subjects:

MARC

LEADER 00000nab a2200000 a 4500
001 vtls011722145
003 SK-MaSNL
005 20260319070903.0
008 171123c20171123xo d| | 00 0|2hun
015 |a SNBRB2017/11 
038 |a DSZK 
040 |a DSZK  |b slo  |c DSZK  |e AACR2 
041 0 |a hun 
044 |a xo  |c SK 
080 |a 373.5  |x (=511.141)  |x (437.612)  |2 2011 
245 0 0 |a Diáknap, diákhét színes programokkal  |b Vámbérys versenyek  |c a Vámbéry Ármin Gimnázium diákjai és tanárai 
300 |b Fotogr. 
610 2 7 |a Gymnázium Ármina Vámbéryho s vyučovacím jazykom maďarským (Dunajská Streda, Slovensko)  |2 dszk  |9 849883 
650 0 7 |a podujatia  |2 dszk  |9 405652 
651 7 |a Dunajská Streda (Slovensko)  |2 SNKPH  |9 17375 
773 0 |t Új szó  |g Évf. 70, sz. 269 (2017.11.23), o. 11  |x 1335-7050 
852 |a DSZK  |b KIS3GCP 
958 |a HU 
958 |a SK 
999 |c 1789839  |d 1791769